000 00217 a2200097 4500
001 7845
100 _aCarl, L
245 _aTefedesf : Journey to the heart of the Sahara
260 _a
_bAllen
_c
090 _c6294
_d6294
942 _aNUST-CAE
_cM
_c32816
999 _c242918
_d242918